| 000 | 00808nam a22002652a 4500 | ||
|---|---|---|---|
| 001 | 27640 | ||
| 003 | BD-RjUL | ||
| 005 | 20211209051201.0 | ||
| 008 | 140325t1970 enkabfj b 001 0beng d | ||
| 020 | _a0198215398 | ||
| 035 | _a(BD-RjUL)27719 | ||
| 040 |
_aDLC _cDLC _dUKM _dEQO _dBD-RjUL _beng |
||
| 041 | _aeng | ||
| 082 | 0 | 0 |
_a934.070924 _bDEH 1970 |
| 100 | 1 |
_aDevahuti, D. _984885 |
|
| 245 | 1 | 0 |
_aHarsha : _ba political study / _cby D. Devahuti |
| 260 |
_aOxford : _bClarendon Press, _c1970. |
||
| 300 |
_axx, 295 p. : _bill. ; _c24 cm |
||
| 504 | _aincludes Bibliography | ||
| 600 | 0 | 0 |
_aHarṣavardhana, _cKing of Thānesar and Kanauj, _dactive 606-647. _984888 |
| 651 | 0 |
_aIndia _xPolitics and government _y997-1765. _977332 |
|
| 942 |
_2ddc _cBK |
||
| 999 |
_c27640 _d27640 |
||